<?xml version="1.0" encoding="UTF-8"?>
<collection xmlns="http://www.loc.gov/MARC21/slim">
 <record>
  <leader>00690cam a2200205 7i4500</leader>
  <controlfield tag="001">0000066571</controlfield>
  <controlfield tag="005">20140706090000.0</controlfield>
  <controlfield tag="008">081104s2008    ohua     b    001 0 eng  </controlfield>
  <datafield tag="020" ind1="#" ind2="0">
   <subfield code="a">9780324408003 (pbk.) </subfield>
  </datafield>
  <datafield tag="020" ind1="#" ind2="0">
   <subfield code="a">0324408005 (pbk.) </subfield>
  </datafield>
  <datafield tag="090" ind1="0" ind2="0">
   <subfield code="a">HB 172 </subfield>
   <subfield code="b">.T8 2005</subfield>
  </datafield>
  <datafield tag="100" ind1="1" ind2="#">
   <subfield code="a">Tucker, Irvin B. </subfield>
  </datafield>
  <datafield tag="245" ind1="1" ind2="0">
   <subfield code="a">Microeconomics for today  </subfield>
   <subfield code="c">Irvin B. Tucker.</subfield>
  </datafield>
  <datafield tag="250" ind1="#" ind2="#">
   <subfield code="a">5th ed..</subfield>
  </datafield>
  <datafield tag="260" ind1="#" ind2="#">
   <subfield code="a">Mason, OH: </subfield>
   <subfield code="b">Thomson South-Western, </subfield>
   <subfield code="c">2008.</subfield>
  </datafield>
  <datafield tag="300" ind1="#" ind2="#">
   <subfield code="a">xxix, 480 p.: </subfield>
   <subfield code="b">ill.; </subfield>
   <subfield code="c">26 cm..</subfield>
  </datafield>
  <datafield tag="590" ind1="#" ind2="#">
   <subfield code="a">Pusat Pengajian Pembangunan Sosial dan Ekonomi</subfield>
  </datafield>
  <datafield tag="650" ind1="0" ind2="0">
   <subfield code="a">United States -- </subfield>
   <subfield code="x">Economic conditions -- </subfield>
   <subfield code="y">2001- </subfield>
  </datafield>
  <datafield tag="650" ind1="0" ind2="0">
   <subfield code="a">Microeconomics </subfield>
  </datafield>
  <datafield tag="999" ind1=" " ind2=" ">
   <subfield code="a">1100060268</subfield>
   <subfield code="b">Book</subfield>
   <subfield code="c">Open Shelf</subfield>
   <subfield code="e">KOLEKSI TERBUKA</subfield>
  </datafield>
 </record>
</collection>
